|
|
|
|
| LEADER |
00000nam0a2200000 4500 |
| 001 |
368468 |
| 005 |
20231102012103.0 |
| 035 |
|
|
|a (RuTPU)RU\TPU\retro\25850
|
| 090 |
|
|
|a 368468
|
| 100 |
|
|
|a 20220412d1980 m y0rusy50 ca
|
| 101 |
0 |
|
|a rus
|
| 102 |
|
|
|a RU
|
| 105 |
|
|
|a y j 001zy
|
| 200 |
1 |
|
|a Материалы космических съемок и их использование в географических исследованиях
|e учебно-методическое пособие
|f В. И. Кравцова
|g Московский государственный университет им. М. В. Ломоносова ; под ред. К. А. Салищева, Ю. Ф. Книжникова
|
| 210 |
|
|
|a Москва
|c Изд-во Московского ун-та
|d 1980
|
| 215 |
|
|
|a 99 с.
|
| 320 |
|
|
|a Библиогр.: с. 96
|
| 606 |
1 |
|
|a Географические исследования с космических летательных аппаратов
|2 stltpush
|3 (RuTPU)RU\TPU\subj\5895
|9 33881
|
| 610 |
1 |
|
|a космическая съемка
|
| 610 |
1 |
|
|a снимки
|
| 610 |
1 |
|
|a использование
|
| 610 |
1 |
|
|a географическое картографирование
|
| 610 |
1 |
|
|a учебно-методические пособия
|
| 675 |
|
|
|a 910.25:629.78(075.8)
|v 4
|
| 700 |
|
1 |
|a Кравцова
|b В. И.
|g Валентина Ивановна
|
| 702 |
|
1 |
|a Салищев
|b К. А.
|4 340
|
| 702 |
|
1 |
|a Книжников
|b Ю. Ф.
|4 340
|
| 712 |
0 |
2 |
|a Московский государственный университет им. М. В. Ломоносова
|c (1940- )
|2 stltpush
|3 (RuTPU)RU\TPU\col\7
|9 23122
|
| 801 |
|
1 |
|a RU
|b 63413507
|c 20220412
|
| 942 |
|
|
|c BK
|